| 000 | 00560nam a2200205Ia 4500 | ||
|---|---|---|---|
| 003 | LK-CoDNM | ||
| 005 | 20241210104528.0 | ||
| 008 | 010623t1958 xxu||||| |||| 00| 1 sin d | ||
| 040 |
_aLK-CoDNM _dLK-CoDNM _eLK-CoDNM |
||
| 041 | _asin | ||
| 080 |
_a8 C-3 _bBUD |
||
| 100 | _aBuddharathana, Polwatthe | ||
| 245 | _aඉතාපැරණි සිංහල බණකථා | ||
| 246 | _aIthaperani sinhala bana katha | ||
| 260 |
_bM.W.Abayasiri _aAmbalangoda _c1958 |
||
| 300 | _b160p. ; 18.5 cm | ||
| 650 | _aLiterature | ||
| 650 | _a1958 | ||
| 942 | _cBK | ||
| 999 |
_c104703 _d104703 |
||